| 000 | 00990nam0a22002651 4500 | ||
|---|---|---|---|
| 001 | rc\2956949 | ||
| 005 | 20250529235033.0 | ||
| 035 | _a(NLR Aleph) 007104116 | ||
| 090 |
_a6700657 _c6700657 |
||
| 100 | _a20071203d1933 |||y0rusy50 ca | ||
| 101 | 0 | _arus | |
| 102 | _aRU | ||
| 105 | _aa z ||||y | ||
| 200 | 1 |
_aТротил _e[Сборник] _fОбщ. ред. Н.Н. Ушаков _gРед. О. Мазель |
|
| 210 |
_aМосква _cБ. и. _d1933 _gлитогр. им. К. Ворошилова |
||
| 215 |
_aОбл., [3], 106, [5] с. _cчерт. _d31х21 см |
||
| 225 | 1 |
_aСборники переводов иностранных статей _fВоен.-хим. трест |
|
| 702 | 1 |
_aУшаков _bН.Н. _gНиколай Николаевич _4340 |
|
| 702 | 1 |
_aМазель _bО. _4340 |
|
| 712 | 0 | 2 |
_aВоенно-химический трест _cМосква _4570 |
| 801 | 0 |
_aRU _bNLR _gpsbo |
|
| 801 | 1 |
_aRU _bELAR _2rusmarc |
|
| 852 |
_aNLR _j33-6/92 |
||
| 942 | _cBOOK | ||
| 980 | _aNB | ||